Poemas de Madrid / (Record no. 94142)

MARC details
000 -LEADER
campo de control de longitud fija 01124nam a2200325 i 4500
001 - NÚMERO DE CONTROL
campo de control 94142
003 - IDENTIFICADOR DE NÚMERO DE CONTROL
campo de control ES-MaACL
005 - FECHA Y HORA DE LA ÚLTIMA TRANSACCIÓN
campo de control 20250318063114.0
007 - CAMPO FIJO DE DESCRIPCIÓN FÍSICA--INFORMACIÓN GENERAL
campo de control de longitud fija t|
008 - DATOS DE LONGITUD FIJA--INFORMACIÓN GENERAL
campo de control de longitud fija 050624s1986 sp ||||1| spa d
017 ## - NÚMERO DE COPYRIGHT O DE DEPÓSITO LEGAL
Número de copyright o de depósito legal M 7904-1986
020 ## - NÚMERO INTERNACIONAL ESTÁNDAR DEL LIBRO
Número Internacional Estándar del Libro 848603406X
040 ## - FUENTE DE CATALOGACIÓN
Centro/agencia transcriptor ES-MaACL
080 ## - NÚMERO DE LA CLASIFICACIÓN DECIMAL UNIVERSAL
Número de la Clasificación Decimal Universal 821.134.2-14"19"
100 1# - ENTRADA PRINCIPAL--NOMBRE DE PERSONA
Nombre de persona Siles Artés, José,
Fechas asociadas al nombre 1930-
9 (RLIN) 106341
Término indicativo de función/relación Autor
245 10 - MENCIÓN DEL TÍTULO
Título Poemas de Madrid /
Mención de responsabilidad, etc. José Siles Artés ; prólogo de Moncho Alpuente.
260 ## - PUBLICACIÓN, DISTRIBUCIÓN, ETC.
Lugar de publicación, distribución, etc. Madrid :
Nombre del editor, distribuidor, etc. INDEC,
Fecha de publicación, distribución, etc. [1986].
300 ## - DESCRIPCIÓN FÍSICA
Extensión 54 p. ;
Dimensiones 21 cm.
490 1# - MENCIÓN DE SERIE
Mención de serie INDEC-bolsillo ;
Designación de volumen o secuencia 10
651 #4 - PUNTO DE ACCESO ADICIONAL DE MATERIA--NOMBRE GEOGRÁFICO
9 (RLIN) 8939
Nombre geográfico Madrid
655 #7 - TERMINO DE INDIZACIÓN--GENERO/FORMA
Fuente del término tgfbne
9 (RLIN) 176539
Datos o término principal de género/forma Poesías
700 1# - ENTRADA AGREGADA--NOMBRE PERSONAL
Nombre de persona Alpuente, Moncho.
9 (RLIN) 20468
830 0# - PUNTO DE ACCESO ADICIONAL DE SERIE-TÍTULO UNIFORME
Título uniforme INDEC-bolsillo ;
Designación de volumen o secuencia 10
9 (RLIN) 232133
852 ## - LOCALIZACIÓN
Ubicación ES-MaACL
Número de control de estantería G-1840
Sublocalización o colección R.136247
Ubicación en estantería Depósito 2
itemnumber 97650
852 ## - LOCALIZACIÓN
Ubicación Es-MaACL
Ubicación en estantería Depósito J
Número de control de estantería N-8913
Donativo/Legado Donación: Editorial
Encuadernación Encuadernación rústica con solapas
itemnumber 203919
Copia número Duplicado
942 ## - ELEMENTOS DE ENTRADA SECUNDARIOS (KOHA)
Tipo de ítem Koha Libro impreso
954 ## - CATALOGADOR -ALTA REGISTRO
Estado de la copia Inmaculada Vicente García
Holdings
Estatus retirado Estado de pérdida Estado de daño No para préstamo Biblioteca de origen Biblioteca actual Ubicación en estantería Fecha de adquisición Fuente de adquisición Total de préstamos Signatura topográfica completa Código de barras Visto por última vez Precio de reemplazo Tipo de ítem Koha Fuente del sistema de clasificación o colocación Restricciones de uso
        Biblioteca del Ateneo de Madrid Biblioteca del Ateneo de Madrid Depósito 2 17/01/2008     G-1840 1098328 23/02/2023 23/02/2023 Libro impreso    
        Biblioteca del Ateneo de Madrid Biblioteca del Ateneo de Madrid Depósito J 26/07/2024 Donación   N-8913 101228901 26/07/2024 26/07/2024 Libro impreso Clasificación decimal universal Duplicado